Name all US National Laboratories - Statistics

General Stats
  • This quiz has been taken 14 times
  • The average score is 8 of 17
Answer Stats
Hint National Lab Location and Establishment Date % Correct
ORNL Oak Ridge National Laboratory Oak Ridge, Tennessee, 1943
91%
LANL Los Alamos National Laboratory Los Alamos, New Mexico, 1943
82%
INL Idaho National Laboratory Idaho Falls, Idaho, 1949
73%
LLNL Lawrence Livermore National Laboratory Livermore, California, 1952
73%
BNL Brookhaven National Laboratory Upton, New York, 1947
64%
LBNL Lawrence Berkeley National Laboratory Berkeley, California, 1931
64%
SNL Sandia National Laboratories Albuquerque, New Mexico, 1948
55%
ANL Argonne National Laboratory DuPage County, Illinois, 1946
45%
FNAL Fermi National Accelerator Laboratory Batavia, Illinois, 1967
45%
Ames National Laboratory Ames, Iowa, 1947
36%
PNNL Pacific Northwest National Laboratory Richland, Washington, 1965
36%
PPPL Princeton Plasma Physics Laboratory Princeton, New Jersey, 1951
36%
SLAC National Accelerator Laboratory Menlo Park, California, 1962
36%
TJNAF Thomas Jefferson National Accelerator Facility Newport News, Virginia, 1984
36%
NREL National Renewable Energy Laboratory Golden, Colorado, 1977
27%
NETL National Energy Technology Laboratory Pittsburgh, Pennsylvania, 1910 Morgantown, West Virginia 1946Albany, Oregon 2005
18%
SRNL Savannah River National Laboratory Aiken, South Carolina, 1952
9%
No matching quizzes found
Score Distribution
Percent of People with Each Score
Percentile by Number Answered
Your Score History
You have not taken this quiz